000 00495nam a2200193Ia 4500
003 OSt
005 20220926044610.0
006 a|||||r|||| 00| 0
007 ta
008 220923b |||||||| |||| 00| 0 eng d
037 _cGeneral Book
040 _aRTL
_cRTL
_beng
041 _2eng
_aeng
082 _aX9(J):6p2,N55
245 0 _aStanding advisory committee on agricultural credit
300 _a46p
_ccm.
942 _hX9(J):6p2,N55
_cGB
_2CC
999 _c675295
_d675295